[Event "Sombor op 14th"]
[Site "Sombor"]
[Date "2019.04.01"]
[Round "7"]
[White "Dombrovski, Branislav"]
[Black "Mihailovic, Milos"]
[Result "0-1"]
[WhiteElo "1473"]
[BlackElo "1720"]
[PlyCount "70"]
[EventDate "2019.03.18"]
[EventType "swiss"]
[EventRounds "9"]
[EventCountry "SRB"]
[SourceTitle "EXT 2020"]
[Source "ChessBase"]
[SourceDate "2019.10.17"]
[SourceVersion "1"]
[SourceVersionDate "2019.10.17"]
[SourceQuality "1"]

1. e4 e6 2. d4 d5 3. exd5 exd5 4. Nf3 Bd6 5. Nc3 Ne7 6. Bd3 Nbc6 7. a3 Bg4 8. Nb5 Nf5 9. Nxd6+ Qxd6 10. c3 0-0-0 11. 0-0 Nh4 12. Be2 Nxf3+ 13. Bxf3 Bf5 14. Bg4 Qg6 15. Bxf5+ Qxf5 16. Be3 h5 17. h4 f6 18. Qf3 Qxf3 19. gxf3 Ne7 20. Kg2 Nf5 21. Kh3 Rhe8 22. Rae1 Re6 23. Bd2 Rde8 24. Rxe6 Rxe6 25. Re1 Rxe1 26. Bxe1 Kd7 27. f4 Kc6 28. a4 a5 29. b3 b5 30. axb5+ Kxb5 31. f3 a4 32. bxa4+ Kxa4 33. Kg2 Kb3 34. Kf1 Kc2 35. Ke2 c6 0-1

[Event "Sombor op 14th"]
[Site "Sombor"]
[Date "2019.03.22"]
[Round "3"]
[White "Mihailovic, Milos"]
[Black "Djurosev, Djordje"]
[Result "0-1"]
[WhiteElo "1720"]
[BlackElo "1565"]
[PlyCount "52"]
[EventDate "2019.03.18"]
[EventType "swiss"]
[EventRounds "9"]
[EventCountry "SRB"]
[SourceTitle "EXT 2020"]
[Source "ChessBase"]
[SourceDate "2019.10.17"]
[SourceVersion "1"]
[SourceVersionDate "2019.10.17"]
[SourceQuality "1"]

1. d4 Nf6 2. c4 g6 3. Nc3 d5 4. cxd5 Nxd5 5. e4 Nxc3 6. bxc3 Bg7 7. Qa4+ Bd7 8. Qa3 0-0 9. Bg5 Re8 10. Bd3 b5 11. Rb1 a6 12. Bxb5 Bxb5 13. Rxb5 axb5 14. Qxa8 c5 15. Nf3 cxd4 16. cxd4 Bxd4 17. 0-0 Bc3 18. e5 Qd7 19. Qe4 Nc6 20. h4 Qe6 21. Bf4 f6 22. Rc1 b4 23. h5 Kf7 24. a3 Nxe5 25. Bxe5 Bxe5 26. axb4 Bh2+ 0-1